000 00419nam a2200181Ia 4500
005 20240823063120.0
008 240823s9999||||xx |||||||||||||| ||und||
041 _aENGLISH
082 _A621.3 N5
100 _aSiemen
245 0 _aElectrical Engineering Handbook
250 _a1st
260 _c1995
_b"New Age,New Delhi"
500 _aYES
650 _aElectrical
_bElectrical
942 _cBK
999 _c237480
_d237480